| 000 | 00361nam a2200121Ia 4500 | ||
|---|---|---|---|
| 008 | 220216s9999 xx 000 0 und d | ||
| 100 | _aKumar Ranjana | ||
| 245 | 0 | _aConstraints facing Indian agriculture: Need for policy intervention | |
| 260 |
_bIndian Journal of Agricultural Economics _c2005 |
||
| 300 | _a49-59 | ||
| 650 | _aIndian agriculture | ||
| 942 | _cJS | ||
| 999 |
_c56196 _d56196 |
||